00336nam a2200121 a 450000500170000000800410001702000150005805000250007310000200009824500390011826000350015730000220019220140310183323.0060309s19uu xx 00 eng d a0380778130 aPN 2093 b.B516 1996 aBerman, Richard aHostile witness /cRichard Berman. aNew York :bAvon Books,c1996. a300 p. :c17 cm.